hard Europe Map quiz - Statistics

General Stats
  • This quiz has been taken 19 times
  • The average score is 38 of 46
Answers on the Map
Answers color-coded by a green-red scale on the quiz's map according to % correct below.
 
Answer Stats
Answer % Correct
Sweden
100%
UK
100%
United Kingdom
100%
Denmark
93%
Finland
93%
Germany
93%
Ireland
93%
Italy
93%
Norway
93%
Poland
93%
Romania
93%
Romania
93%
Slovakia
93%
Ukraine
93%
Austria
87%
Belguim
87%
Bulgaria
87%
Estonia
87%
France
87%
Greece
87%
Greece
87%
Iceland
87%
Latvia
87%
Lithuania
87%
Moldova
87%
Netherlands
87%
Portugal
87%
Slovenia
87%
Spain
87%
Kosovo
80%
North Macedonia
80%
Switzerland
80%
Albania
73%
Andorra
73%
Croatia
73%
Vatican
73%
Belarus
67%
Belarus
67%
Bosnia
67%
Monaco
67%
Montenegro
67%
San Marino
67%
Serbia
67%
Luxemburg
60%
Malta
53%
Lichtenstein
27%
No matching quizzes found
Score Distribution
Percent of People with Each Score
Percentile by Number Answered
Your Score History
You have not taken this quiz